UM Logo

Impedance modeling of three-phase grid-connected voltage source converters with frequency-locked-loop-based synchronization algorithms / (Record no. 19051)

MARC details
000 -LEADER
fixed length control field 01081nam a22002297a 4500
003 - CONTROL NUMBER IDENTIFIER
control field OSt
005 - DATE AND TIME OF LATEST TRANSACTION
control field 20250912153837.0
008 - FIXED-LENGTH DATA ELEMENTS--GENERAL INFORMATION
fixed length control field 240208b ||||| |||| 00| 0 eng d
040 ## - CATALOGING SOURCE
Transcribing agency 0
082 ## - DEWEY DECIMAL CLASSIFICATION NUMBER
Classification number DPer 621.381 In821 April 2022 v. 37 n. 4
100 ## - MAIN ENTRY--PERSONAL NAME
Personal name Golestan, Saeed.
Relator term author.
9 (RLIN) 52059
245 ## - TITLE STATEMENT
Title Impedance modeling of three-phase grid-connected voltage source converters with frequency-locked-loop-based synchronization algorithms /
Statement of responsibility, etc. Saeed Golestan, Josep M. Guerrero, Yusuf Al-Turki, Juan C. Vasquez, and Abdullah M. Abusorrah.
260 ## - PUBLICATION, DISTRIBUTION, ETC. (IMPRINT)
Place of publication, distribution, etc. New York ;
Name of publisher, distributor, etc. The Institute of Electrical and Electronics Engineers, Inc. ,
Date of publication, distribution, etc. April 2022.
300 ## - PHYSICAL DESCRIPTION
Extent Volume 37, pages 4511-4525 :
Other physical details illustration ;
Dimensions 28 cm.
500 ## - GENERAL NOTE
General note IEEE Transaction on Power Electronics, vol. 37, no. 4, pages 4511-4525, April 2022.
700 ## - ADDED ENTRY--PERSONAL NAME
Personal name Golestan, Saeed.
Relator term author.
9 (RLIN) 52059
700 ## - ADDED ENTRY--PERSONAL NAME
Personal name Guerrero, Josep M.
Relator term author.
9 (RLIN) 52060
700 ## - ADDED ENTRY--PERSONAL NAME
Personal name Al-Turki, Yusuf.
Relator term author.
9 (RLIN) 52061
700 ## - ADDED ENTRY--PERSONAL NAME
Personal name Vasquez, Juan C.
Relator term author.
9 (RLIN) 52062
700 ## - ADDED ENTRY--PERSONAL NAME
Personal name Abusorrah, Abdullah M.
Relator term author.
9 (RLIN) 52063
942 ## - ADDED ENTRY ELEMENTS (KOHA)
Source of classification or shelving scheme Dewey Decimal Classification
Koha item type Periodicals
Holdings
Withdrawn status Lost status Source of classification or shelving scheme Damaged status Not for loan Collection code Home library Current library Date acquired Total Checkouts Full call number Date last seen Price effective from Koha item type Public note
    Dewey Decimal Classification     Periodicals UM Digos College - LIC UM Digos College - LIC 02/08/2024   DPer 621.381 In821 April 2022 v. 37 n. 4 02/08/2024 02/08/2024 Periodicals Periodical Article